书目信息 |
| 题名: |
漫画讲透黄帝内经
|
|
| 作者: | 张嘉铭 , 王婧 编著 | |
| 分册: | ||
| 出版信息: | 北京 化学工业出版社 2024.02 |
|
| 页数: | 352页 | |
| 开本: | 24cm | |
| 丛书名: | ||
| 单 册: | ||
| 中图分类: | R221-49 | |
| 科图分类: | ||
| 主题词: | ||
| 电子资源: | ||
| ISBN: | 978-7-122-45079-1 | |
| 000 | 00926nam0 2200253 450 | |
| 001 | 01203425 | |
| 005 | 20251023085212.97 | |
| 010 | @a978-7-122-45079-1@dCNY58.00 | |
| 100 | @a20240510d2024 em y0chiy0120 ea | |
| 101 | 0 | @achi |
| 102 | @aCN@b110000 | |
| 105 | @aa z 000yy | |
| 106 | @ar | |
| 200 | 1 | @a漫画讲透黄帝内经@9man hua jiang tou huang di nei jing@f张嘉铭,王婧编著 |
| 210 | @a北京@c化学工业出版社@d2024.02 | |
| 215 | @a352页@d24cm | |
| 300 | @a新华翰墨 | |
| 330 | @a本书选取了《黄帝内经》与大家关系最为密切的“养生”和“治疗”两部分内容进行讲解,详细介绍了关于饮食、起居、情志、自然、病因、病机、不同疾病的治疗等30余个专题知识,配以轻松幽默的漫画,用通俗易懂的语言来阐释艰涩难懂的古籍。 | |
| 605 | @a《内经》@j通俗读物 | |
| 690 | @aR221-49@v5 | |
| 701 | 0 | @a张嘉铭@9zhang jia ming@4编著 |
| 701 | 0 | @a王婧@9wang jing@4编著 |
| 801 | 0 | @aCN@c20250912 |
| 905 | @a河南城建学院图书馆@dR221-49@eZ124-2@ZZ124-2@f3 | |
| 漫画讲透黄帝内经/张嘉铭,王婧编著.-北京:化学工业出版社,2024.02 |
| 352页;24cm |
| 新华翰墨 |
| ISBN 978-7-122-45079-1:CNY58.00 |
| 本书选取了《黄帝内经》与大家关系最为密切的“养生”和“治疗”两部分内容进行讲解,详细介绍了关于饮食、起居、情志、自然、病因、病机、不同疾病的治疗等30余个专题知识,配以轻松幽默的漫画,用通俗易懂的语言来阐释艰涩难懂的古籍。 |
| ● |
| 相关链接 |
|
|
|
正题名:漫画讲透黄帝内经
索取号:R221-49/Z124-2
 
预约/预借
| 序号 | 登录号 | 条形码 | 馆藏地/架位号 | 状态 | 备注 |
| 1 | 1637173 | 216371735 | 自科库401/401自科库 10排1列2层/ [索取号:R221-49/Z124-2] | 在馆 | |
| 2 | 1637174 | 216371744 | 自科库401/401自科库 10排1列2层/ [索取号:R221-49/Z124-2] |
已借出,限还日期为2026.07.20 借出人:徐思远 |
|
| 3 | 1637175 | 216371753 | 自科库401/401自科库 10排1列2层/ [索取号:R221-49/Z124-2] | 在馆 |